| 000 | 00537cam a2200169 a 4500 | ||
|---|---|---|---|
| 020 | _a9781433807282 | ||
| 020 | _a1433807289 | ||
| 050 | 0 | 0 |
_aRC537 _b.R45 2010 |
| 245 | 0 | 0 |
_aRelapse prevention for depression / _cedited by C. Steven Richards and Michael G. Perri. |
| 260 |
_aWashington, DC [USA] : _bAmerican Psychological Association, _cc2010. |
||
| 300 | _axi, 296 p. : | ||
| 500 | _aIncludes index. | ||
| 650 | _xDepression, Mental -- Treatment. | ||
| 700 | 1 | _aRichards, C. Steven. | |
| 700 | 1 | _aPerri, Michael G. | |
| 942 |
_2lcc _cGEN |
||
| 999 |
_c7764 _d7764 |
||